| 000 | 01258nam a2200217Ia 4500 | ||
|---|---|---|---|
| 003 | Ost | ||
| 005 | 20260507075740.0 | ||
| 008 | 260507s9999||||xx |||||||||||||| ||und|| | ||
| 040 | _cfsecg | ||
| 041 | _aara | ||
| 082 | _a331.1 | ||
| 100 |
_aمحمود، منال طلعت _eمؤلف |
||
| 245 | 0 |
_aالموارد البشرية وتنمية المجتمع المحلي / _c منال طلعت محمود |
|
| 260 |
_aالاسكندرية: _bالمكتب الجامعي الحديث, _c2003 |
||
| 300 |
_a382 صفحة؛ _bإيضاحات ؛ _c24 سم |
||
| 520 | _aمفاهيم عامة،التنمية في المجتمع المحلي،تنمية البشر ومفهوم التنمية البشرية،إدارة التنمية في المجتمعات المحلية،القيادة والتنمية،التخطيط واتخاذ القرار في التنمية،الجهود الذاتية في التنمية المحلية،آليات المشاركة في التنمية،تنمية المرأة كمدخل للتنمية الشاملة،مفاهيم أساسية في الصناعات الصغيرة | ||
| 653 | _aالقوى العاملة | ||
| 653 | _aالمجتمع المحلي | ||
| 653 | _aالموارد البشرية | ||
| 942 | _cكتاب | ||
| 999 |
_c46133 _d46133 |
||